<?xml version="1.0" encoding="UTF-8"?>
<collection xmlns="http://www.loc.gov/MARC21/slim">
 <record>
  <leader>00540pamaa2200181   4500</leader>
  <controlfield tag="001">0000021911</controlfield>
  <controlfield tag="005">20060529090000.0</controlfield>
  <datafield tag="020" ind1="0" ind2="0">
   <subfield code="a">0471341258 </subfield>
  </datafield>
  <datafield tag="082" ind1=" " ind2=" ">
   <subfield code="a">338.4791 WEA</subfield>
  </datafield>
  <datafield tag="090" ind1="0" ind2="0">
   <subfield code="a">G155.A1 </subfield>
   <subfield code="b">WEA 2000</subfield>
  </datafield>
  <datafield tag="100" ind1="1" ind2="0">
   <subfield code="a">WEAVER </subfield>
  </datafield>
  <datafield tag="245" ind1="1" ind2="0">
   <subfield code="a">Tourism management  </subfield>
   <subfield code="c">David Weaver and Martin Oppermann.</subfield>
  </datafield>
  <datafield tag="260" ind1="0" ind2="0">
   <subfield code="a">Brisbane: </subfield>
   <subfield code="b">John Wiley, </subfield>
   <subfield code="c">2000.</subfield>
  </datafield>
  <datafield tag="300" ind1=" " ind2=" ">
   <subfield code="a">xviii, 468p.; </subfield>
   <subfield code="c">25cm.</subfield>
  </datafield>
  <datafield tag="650" ind1="0" ind2="0">
   <subfield code="a">Tourist trade -- </subfield>
   <subfield code="x">Marketing -- </subfield>
   <subfield code="z">Australia </subfield>
  </datafield>
  <datafield tag="650" ind1="0" ind2="0">
   <subfield code="a">Ecotourism -- </subfield>
   <subfield code="z">Australia </subfield>
  </datafield>
  <datafield tag="650" ind1="0" ind2="0">
   <subfield code="a">Tourist trade -- </subfield>
   <subfield code="z">Australia </subfield>
  </datafield>
  <datafield tag="700" ind1="1" ind2="1">
   <subfield code="a">Oppermann, </subfield>
   <subfield code="h">Martin </subfield>
  </datafield>
 </record>
</collection>
